| 000 | 00377nam a2200133Ia 4500 | ||
|---|---|---|---|
| 008 | 220217s9999||||xx |||||||||||||| ||und|| | ||
| 020 | _a9788120346291 | ||
| 082 | _a620 MAN | ||
| 100 | _aManglik, V.K | ||
| 245 | 0 | _aElements of mechanical engineering | |
| 260 |
_aPrentice hall of India pvt. ltd. _bNew Delhi _c2013 |
||
| 300 |
_aXXI, 593p. _b425 |
||
| 650 | _aMECHANICHAL | ||
| 999 |
_c185258 _d185258 |
||